000 00593nam a2200241 a 4500
003 AR-BaBNM
005 20251128203342.0
008 082120s2002 ||||||||||||||000 | spa||
040 _cAR-BaBNM
100 1 _aFoulquié, Paul
245 0 0 _aDiccionario de pedagogía
250 _a1ª ed.
260 _aBarcelona
_bOikos-tau
_c1976
300 _a464 p.
504 _aBibliografía p. 457-464
650 4 _aDICCIONARIOS
650 4 _aEDUCACION
655 _aREFERENCIA
700 1 _aGarcía Bosch, J.
_etraductor
700 1 _aDe Bas, D.
_etraductor
942 _cBK
998 _cCarmen
999 _c3011
_d3011